000
00247nam a22001097a 4500
008
170112b xxu||||| |||| 00| 0 eng d
020
_a
0397544030
041
_a
eng
080
_2
2nd
_a
618.2
245
_a
NURSING RESEARCH
_c
POLIT, D
942
_2
udc
_c
BK
999
_c
2824
_d
2824